000 00415nam a2200157Ia 4500
003 GCL
008 140319s9999 xx 000 0 eng d
040 _aGCL /
_cGCL
082 0 4 _a823
_bD A
100 1 _aDOBSON, AUSTIN
245 1 0 _aALICE'S-ADVENTURES IN WONDERLAND /
_cDOBSON, AUSTIN
260 _a[S.N] :
_bWILLIAM HEINEMANN LTD ،
_c1993
300 _a161 P
650 0 4 _aENGLISH LITERATURE
942 _2ddc
_cBK
999 _c19612
_d19612